书目信息 |
| 题名: |
健康教育学
|
|
| 作者: | 黄敬亨 主编 | |
| 分册: | ||
| 出版信息: | 上海 复旦大学出版社 2003 |
|
| 页数: | 261页 | |
| 开本: | 26cm | |
| 丛书名: | ||
| 单 册: | ||
| 中图分类: | R193 | |
| 科图分类: | ||
| 主题词: | 健康教育学 | |
| 电子资源: | ||
| ISBN: | 7-309-03529-1 | |
| 000 | 00818nam0 2200253 450 | |
| 001 | 1560910415 | |
| 005 | 20150126165600.18 | |
| 010 | @a7-309-03529-1@dCNY28.00 | |
| 100 | @a20060210d2003 em y0chiy50 ea | |
| 101 | 0 | @achi |
| 102 | @aCN@b310000 | |
| 105 | @ay z 001yy | |
| 200 | 1 | @a健康教育学@9jian kang jiao yu xue@f黄敬亨主编 |
| 205 | @a3版 | |
| 210 | @a上海@c复旦大学出版社@d2003 | |
| 215 | @a261页@d26cm | |
| 300 | @a复旦博学·公共卫生与预防医学系列 | |
| 300 | @a普通高等教育“十一五”国家级规划教材 | |
| 330 | @a本书介绍了健康教育与健康促进的概念、内涵及发展;健康教育与健康促进的工作方法、健康促进的规划设计、执行与评价等各方面知识。 | |
| 606 | 0 | @a健康教育学 |
| 690 | @aR193@v5 | |
| 701 | 0 | @a黄敬亨@9huang jing heng@f(1935~)@4主编 |
| 801 | 0 | @aCN@bTSSF@c20150126 |
| 905 | @aZUCC@dR193@eJY1=3 | |
| 健康教育学/黄敬亨主编.-3版.-上海:复旦大学出版社,2003 |
| 261页;26cm |
| 复旦博学·公共卫生与预防医学系列.-普通高等教育“十一五”国家级规划教材 |
| ISBN 7-309-03529-1:CNY28.00 |
| 本书介绍了健康教育与健康促进的概念、内涵及发展;健康教育与健康促进的工作方法、健康促进的规划设计、执行与评价等各方面知识。 |
| ● |
| 相关链接 |
|
|
|
|
正题名:健康教育学
索取号:R193/JY1=3
 
预约/预借
| 序号 | 登录号 | 条形码 | 馆藏地/架位号 | 状态 | 备注 |
| 1 | 7861311 | 278613118 | 学院路分馆/ [索取号:R193/JY1=3] | 在馆 |